000 02748nam a2200301 4500
001 ESSALUD
007 ta
008 t2026 pe ||||| |||| 00| 0 spa d
040 _aBMG
041 _aspa
100 _aMeza Pinedo, Brik Henrry
_eautor
_952677
245 _aUsabilidad del chatbot para promoción de la salud en mayores de 40 años sin diagnóstico de enfermedad crónica
300 _apáginas 5-15
520 _aEl objetivo de este estudio fue evaluar la aceptabilidad y usabilidad de la herramienta Nutribot en adultos peruanos de 40 años o más sin diagnóstico de ENT, con miras a validar su pertinencia como recurso educativo preventivo y a sentar bases para su implementación a mayor escala en salud pública. El estudio incluyó 50 participantes, quienes interactuaron con el sistema durante 20–30 minutos y completaron un cuestionario de usabilidad y una pregunta abierta. Más del 60 % estuvo de acuerdo o totalmente de acuerdo con los ítems clave (facilidad de uso, claridad, comprensión y utilidad). La probabilidad de recomendación fue alta, con un promedio de 8,92/10 (mediana: 9; rango: 6–10), evidenciando elevada satisfacción global. La edad de los participantes osciló entre 40 y 83 años, sin diferencias apreciables en la valoración según el grupo etario. El análisis cualitativo resaltó la rapidez, claridad y amabilidad de las respuestas, así como su utilidad práctica en consultas cotidianas. Entre las principales sugerencias se destacaron la necesidad de una mayor proactividad del sistema y la optimización en la presentación de la información, mediante formatos más estructurados y funciones adicionales. Los resultados evidencian la factibilidad de implementar un chatbot nutricional basado en LLMs vía WhatsApp como herramienta complementaria para promover estilos de vida saludables y la autogestión del bienestar en adultos. Asimismo, aportan evidencia operativa para optimizar el prototipo antes de su implementación a mayor escala en salud pública.
650 _aINTELIGENCIA ARTIFICIAL
_935380
650 _aPROGRAMAS INFORMÁTICOS
_9873
650 _aPROGRAMAS DE NUTRICIÓN
_95497
650 _aSALUD PÚBLICA
_91652
650 _aPROMOCIÓN DE LA SALUD
_92180
650 _aENFERMEDADES NO TRANSMISIBLES
_944056
700 _aLoayza Arroyo, Luis Randy
_eautor
_952678
700 _aRamos Quispe, Mitshell Bikrham
_eautor
_952679
700 _aBastidas, Bryan Christopher
_eautor
_952680
700 _aSedano Porras, Claudia Aracelli
_eautor
_952681
700 _aMurillo Carrasco, Alexis Germán
_eautor
_952682
773 0 _022497
_922595
_dLima : IETSI
_oCITES01
_tCiencia y Tecnología aplicada a la Salud Pública
_wESSALUD
_x3119-7981
942 _cARTICULOS
_e2026-06-11
_zAFC
999 _c22517
_d22517